000 01084nam a22002537a 4500
003 OSt
005 20260227074119.0
008 260203b |||||||| |||| 00| 0 eng d
040 _c0
082 _aDPer 370.15 J826 May-August 2024 v. 116 n. 4-6
100 _aAyala, M. Constanza
_eauthor.
_969519
245 _aSocioeconomic gaps in specific mathematical skills at different ages in primary school /
_cM. Constanza Ayala, Katherine Strasser, Maria Ines Susperreguy, and Karla Castillo.
260 _aWashington, DC ;
_bAmerican Psychological Association ,
_cJuly 2024.
300 _aVolume 116, pages 762-784 :
_billustration ;
_c28 cm.
500 _aJournal of Educational Psychology, vol. 116, no. 5, pages 762-784, May-August 2024.
650 0 _aAchievement gap.
_964904
650 0 _aArithmetic.
_922690
650 0 _aEducational environment.
_964913
700 _aAyala, M. Constanza
_eauthor.
_969519
700 _aStrasser, Katherine.
_eauthor.
_958279
700 _aSusperreguy, Maria Ines
_eauthor.
_969520
700 _aCastillo, Karla
_eauthor.
_969521
942 _2ddc
_cPER
999 _c24266
_d24266